000 00348pam a2200157a 44500
008 230515b1999 xxu||||| |||| 00| 0 eng d
020 _aNULL
041 _aENGLISH
082 _a630
100 _aPATIL SANJAY
245 _aMECHANICAL PROCESSES& SYSTEMS
250 _a0
260 _aDELHI
_bTECHMEDIA
_c1999
300 _a100
650 _aNULL
999 _c651131
_d651131